Effete or effective stewardship? (Record no. 59753)

MARC details
000 -LEADER
fixed length control field 01058cab a2200301 4500
001 - CONTROL NUMBER
control field ABS57049
008 - FIXED-LENGTH DATA ELEMENTS--GENERAL INFORMATION
fixed length control field 090401t1997 xxu||||| |||| 00| 0 eng d
035 ## - SYSTEM CONTROL NUMBER
System control number (Sirsi) u98349
041 ## - LANGUAGE CODE
Language code of text/sound track or separate title eng
100 ## - MAIN ENTRY--PERSONAL NAME
Personal name Morris, C.
245 ## - TITLE STATEMENT
Title Effete or effective stewardship?
260 ## - PUBLICATION, DISTRIBUTION, ETC.
Date of publication, distribution, etc. 1997
350 ## - PRICE (NR) (BK AM CF MU VM SE) [OBSOLETE]
Price 0
490 ## - SERIES STATEMENT
Series statement Landscape Design
Volume/sequential designation (260) May 1997, 19-23(5)
520 ## - SUMMARY, ETC.
Summary, etc. Examines how effective agri-environmental policy (AEP) schemes like Countryside Stewardship (CS) are in stimulating the widespread development of greener farming systems. Chart of CS and hedgerow incentive scheme agreements in England 1991-95. References.
650 ## - SUBJECT ADDED ENTRY--TOPICAL TERM
Topical term or geographic name entry element AGRI-ENVIRONMENTAL POLICY
650 ## - SUBJECT ADDED ENTRY--TOPICAL TERM
Topical term or geographic name entry element AGRICULTURE
650 ## - SUBJECT ADDED ENTRY--TOPICAL TERM
Topical term or geographic name entry element COMMON AGRICULTURAL POLICY
650 ## - SUBJECT ADDED ENTRY--TOPICAL TERM
Topical term or geographic name entry element CONSERVATION MANAGEMENT
650 ## - SUBJECT ADDED ENTRY--TOPICAL TERM
Topical term or geographic name entry element COUNTRYSIDE STEWARDSHIP SCHEME
650 ## - SUBJECT ADDED ENTRY--TOPICAL TERM
Topical term or geographic name entry element COUNTRYSIDE STEWARDSHIP
650 ## - SUBJECT ADDED ENTRY--TOPICAL TERM
Topical term or geographic name entry element ENVIRONMENTALLY SENSITIVE FARMING
650 ## - SUBJECT ADDED ENTRY--TOPICAL TERM
Topical term or geographic name entry element FARMING
650 ## - SUBJECT ADDED ENTRY--TOPICAL TERM
Topical term or geographic name entry element HEDGEROW INCENTIVE SCHEME
690 ## - LOCAL SUBJECT ADDED ENTRY--TOPICAL TERM (OCLC, RLIN)
Topical term or geographic name as entry element RURAL PRACTICE
942 ## - ADDED ENTRY ELEMENTS (KOHA)
Suppress in OPAC 0
948 ## - LOCAL PROCESSING INFORMATION (OCLC); SERIES PART DESIGNATOR (RLIN)
c (OCLC) 20/05/1997
Holdings
Withdrawn status Lost status Source of classification or shelving scheme Damaged status Not for loan Home library Current library Shelving location Date acquired Total Checkouts Full call number Barcode Date last seen Copy number Price effective from Koha item type
    Other/Generic Classification Scheme     London London Journal article 03/03/2003   ABS57049 98349-1001 06/08/2019 1 06/08/2019 Journal article